| 000 | 00576nam a2200205Ia 4500 | ||
|---|---|---|---|
| 003 | IIN | ||
| 005 | 20240129121937.0 | ||
| 008 | 231217s9999 xx 000 0 und d | ||
| 020 |
_cRs.495.00 _a9789352702572 |
||
| 040 |
_aIIN _bEnglish |
||
| 082 |
_a615.854 _bSOH |
||
| 100 | 1 | _aSohi, Darshan | |
| 245 | 2 |
_aA Comprehensive Text Book of Nutrition and Therapeutic Diets: _bfor BSc Nursing Student. _cDarshan Sohi |
|
| 250 | _a2nd ed. | ||
| 260 |
_bJaypee _aNew Delhi _c2018 |
||
| 300 | _axviii, 293 p. | ||
| 650 | 1 | _aNutrition | |
| 650 | 1 |
_aDiets of _vTherapeutic |
|
| 942 | _cBOOK | ||
| 999 |
_c11 _d11 |
||